LEADER 01054nam0-2200313---450- 001 990009121830403321 005 20100805173621.0 035 $a000912183 035 $aFED01000912183 035 $a(Aleph)000912183FED01 035 $a000912183 100 $a20091126d2004----km-y0itay50------ba 101 0 $aita$aeng 102 $aIT 105 $aa---b---001yy 200 1 $aCampania$eland of myth and history$erare books, illustrations and manuscripts from Italian and American collections on Campania's history and the age of the "gran tour"$d= La Campania, luogo di mito e storia$fRoberto Severino and George Barringer 210 $aNapoli$cRegione Campania$d2004 215 $a61 p.$cill.$d28 cm 510 1 $a<>Campania, luogo di mito e storia 610 0 $aCampania$aLibri antichi 702 1$aSeverino,$bRoberto 702 1$aBarringer,$bGeorge 801 0$aIT$bUNINA$gRICA$2UNIMARC 901 $aBK 912 $a990009121830403321 952 $aB-It 0208$bNBG$fILFGE 959 $aILFGE 996 $aCampania$965662 997 $aUNINA LEADER 01137nam 2200337Ia 450 001 996397508403316 005 20200818211134.0 035 $a(CKB)4940000000055488 035 $a(EEBO)2264177482 035 $a(OCoLC)ocm11732954e 035 $a(OCoLC)11732954 035 $a(EXLCZ)994940000000055488 100 $a19850225d1687 uy | 101 0 $aeng 135 $aurbn||||a|bb| 200 02$aA vindication of the Church of England from the foul aspersions of schism and heresie unjustly cast upon her by the Church of Rome$b[electronic resource] 210 $aLondon $cPrinted by J.H. for Luke Meredith$d1687 215 $a2 v. (38, 40 p.) 300 $aReproduction of original in Huntington Library. 330 $aeebo-0113 606 $aSchism 615 0$aSchism. 701 $aAltham$b Michael$f1633-1705.$0821389 801 0$bEAA 801 1$bEAA 801 2$bm/c 801 2$bWaOLN 906 $aBOOK 912 $a996397508403316 996 $aA vindication of the Church of England from the foul aspersions of schism and heresie unjustly cast upon her by the Church of Rome$92335240 997 $aUNISA LEADER 03166nam 2200661Ia 450 001 9910484396803321 005 20200520144314.0 010 $a9783642162862 010 $a364216286X 024 7 $a10.1007/978-3-642-16286-2 035 $a(CKB)2670000000056858 035 $a(SSID)ssj0000450249 035 $a(PQKBManifestationID)11293682 035 $a(PQKBTitleCode)TC0000450249 035 $a(PQKBWorkID)10434315 035 $a(PQKB)10632645 035 $a(DE-He213)978-3-642-16286-2 035 $a(MiAaPQ)EBC3066097 035 $a(PPN)149899475 035 $a(EXLCZ)992670000000056858 100 $a20101224d2010 uy 0 101 0 $aeng 135 $aurnn|008mamaa 181 $ctxt 182 $cc 183 $acr 200 14$aThe Ricci flow in Riemannian geometry $ea complete proof of the differentiable 1/4-pinching sphere theorem /$fby Ben Andrews, Christopher Hopper 205 $a1st ed. 2011. 210 $aHeidelberg $cSpringer-Verlag Berlin Heidelberg$d2010 215 $a1 online resource (XVIII, 302 p. 13 illus., 2 illus. in color.) 225 1 $aLecture notes in mathematics,$x0075-8434 ;$v2011 300 $aBibliographic Level Mode of Issuance: Monograph 311 08$a9783642162855 311 08$a3642162851 320 $aIncludes bibliographical references and index. 327 $a1 Introduction -- 2 Background Material -- 3 Harmonic Mappings -- 4 Evolution of the Curvature -- 5 Short-Time Existence -- 6 Uhlenbeck?s Trick -- 7 The Weak Maximum Principle -- 8 Regularity and Long-Time Existence -- 9 The Compactness Theorem for Riemannian Manifolds -- 10 The F-Functional and Gradient Flows -- 11 The W-Functional and Local Noncollapsing -- 12 An Algebraic Identity for Curvature Operators -- 13 The Cone Construction of Böhm and Wilking -- 14 Preserving Positive Isotropic Curvature -- 15 The Final Argument. 330 $aThis book focuses on Hamilton's Ricci flow, beginning with a detailed discussion of the required aspects of differential geometry, progressing through existence and regularity theory, compactness theorems for Riemannian manifolds, and Perelman's noncollapsing results, and culminating in a detailed analysis of the evolution of curvature, where recent breakthroughs of Böhm and Wilking and Brendle and Schoen have led to a proof of the differentiable 1/4-pinching sphere theorem. 410 0$aLecture notes in mathematics (Springer-Verlag) ;$v2011. 606 $aRicci flow 606 $aGeometry, Riemannian 606 $aDifferentiable dynamical systems 606 $aDifferential equations, Partial 606 $aGlobal differential geometry 615 0$aRicci flow. 615 0$aGeometry, Riemannian. 615 0$aDifferentiable dynamical systems. 615 0$aDifferential equations, Partial. 615 0$aGlobal differential geometry. 676 $a516.3/62 700 $aAndrews$b Ben$0478952 701 $aHopper$b Christopher$0510631 801 0$bMiAaPQ 801 1$bMiAaPQ 801 2$bMiAaPQ 906 $aBOOK 912 $a9910484396803321 996 $aThe Ricci flow in Riemannian geometry$94198142 997 $aUNINA